[Event "Mistrzostwa Polski Juniorow do lat 18 - Chlopcy"]
[Site "Szklarska Poreba"]
[Date "1899-12-30"]
[Round "1.1"]
[White "Teclaf, Pawel"]
[Black "Golenia, Wojciech"]
[Result "1-0"]
[WhiteTitle "IM"]
[BlackTitle "k"]
[WhiteElo "2453"]
[BlackElo "2050"]

1. e4 e5 2. Nf3 Nc6 3. Bb5 a6 4. Ba4 Nf6 5. O-O Be7 6. Re1 b5 7. Bb3 d6 8. c3 O-O
9. h3 Na5 10. Bc2 c5 11. d4 Nd7 12. dxc5 dxc5 13. Nbd2 Qc7 14. Nf1 Nc4 15. b3
Ncb6 16. Ne3 Nf6 17. c4 Bb7 18. Bb2 Nfd7 19. Nd5 Bxd5 20. exd5 Bd6 21. Ng5 g6
22. Qd3 Rab8 23. Bc3 Nc8 24. f4 exf4 25. Qf3 Be5 26. Rxe5 b4 27. d6 Nxd6 28. Rd5
bxc3 29. Qxf4 Nb6 30. Rxd6 Rbd8 31. Rxg6+ 1-0

[Event "Mistrzostwa Polski Juniorow do lat 18 - Chlopcy"]
[Site "Szklarska Poreba"]
[Date "1899-12-30"]
[Round "1.2"]
[White "Kucharski, Bartlomiej"]
[Black "Kosakowski, Jakub"]
[Result "1/2-1/2"]
[WhiteTitle "I++"]
[BlackTitle "FM"]
[WhiteElo "2050"]
[BlackElo "2413"]

1. e4 g6 2. d4 Bg7 3. Nc3 d6 4. f4 a6 5. Nf3 Nd7 6. Bd3 c5 7. dxc5 Nxc5 8. Be3
Qa5 9. O-O Nf6 10. a3 Ng4 11. Bd4 Bxd4+ 12. Nxd4 Ne6 13. Nxe6 Bxe6 14. f5 Ne3
15. Qe2 Nxf1 16. fxe6 Qb6+ 17. Kxf1 fxe6 18. g3 O-O 19. Kg2 Qxb2 20. Qe1 Rac8
21. Ne2 Qf6 22. Rb1 Qf3+ 23. Kg1 Qe3+ 24. Kg2 b5 25. Nf4 Qxe1 26. Rxe1 e5 27.
Nd5 Rf7 28. Rf1 e6 29. Rxf7 Kxf7 30. Nb4 a5 31. Na2 Rc5 32. Kf3 Ke7 33. Ke3 d5
34. Kd2 d4 35. Ke2 Kd6 36. h4 Kc6 37. Kf2 Kb6 38. Kf1 Rc8 39. Kg2 Rf8 40. Nc1
Rf7 41. Na2 Rb7 42. Nc1 Rf7 43. Na2 Kc5 44. Nc1 h6 45. Nb3+ Kb6 46. Nc1 Rf8 47.
Na2 g5 48. hxg5 hxg5 49. Nc1 g4 50. Kg1 a4 51. Na2 Ka5 52. Kg2 Rb8 53. Nb4 Rc8
54. Na2 Rc3 55. Nxc3 dxc3 56. Kf2 b4 57. Ke2 b3 58. cxb3 axb3 59. Kd1 Ka4 60.
Kc1 Kxa3 61. Bc4 c2 62. Bxe6 Ka2 63. Bd5 Ka1 64. Bxb3 1/2-1/2

[Event "Mistrzostwa Polski Juniorow do lat 18 - Chlopcy"]
[Site "Szklarska Poreba"]
[Date "1899-12-30"]
[Round "1.3"]
[White "Kozak, Antoni"]
[Black "Lis, Mateusz"]
[Result "1/2-1/2"]
[WhiteTitle "m"]
[BlackTitle "k"]
[WhiteElo "2372"]
[BlackElo "2036"]

1. d4 d5 2. c4 e6 3. Nc3 Nf6 4. cxd5 exd5 5. Bg5 c6 6. e3 Bf5 7. Qf3 Bg6 8. Bxf6
Qxf6 9. Qxf6 gxf6 10. h4 h5 11. Nh3 Bd6 12. g3 Nd7 13. Nf4 Nf8 14. Bh3 Ke7 15.
Kd2 f5 16. Rhc1 Ne6 17. Nd3 Rhc8 18. Na4 Rab8 19. b4 b5 20. Nac5 a5 21. bxa5 Nxc5
22. Nxc5 Ra8 23. Nb3 Ba3 24. Rc2 Bb4+ 25. Kd1 Bxa5 26. a4 Bb4 27. axb5 Rxa1+ 28.
Nxa1 Ra8 29. Rc1 cxb5 30. f4 f6 31. Nc2 Bc3 32. Rb1 Rb8 33. Nb4 Kd6 34. Kc2 Bxb4
35. Rxb4 Rc8+ 36. Kd2 Kc6 37. Bf1 Rb8 38. Bd3 Rb7 39. Kc3 Be8 40. Rb1 Bd7 41.
Ra1 Kb6 42. Ra8 Bc6 43. Kb4 Re7 44. Ra5 Rxe3 45. Bxb5 Bb7 46. Ra1 Rxg3 47. Re1
Rg2 48. Re6+ Kc7 49. Ba4 Rf2 50. Kc5 Rxf4 51. Re7+ Kb8 52. Re8+ Kc7 53. Re7+ Kb8
54. Re8+ 1/2-1/2

[Event "Mistrzostwa Polski Juniorow do lat 18 - Chlopcy"]
[Site "Szklarska Poreba"]
[Date "1899-12-30"]
[Round "1.4"]
[White "Grochol, Kamil"]
[Black "Fus, Jakub"]
[Result "0-1"]
[WhiteTitle "I+"]
[BlackTitle "FM"]
[WhiteElo "2030"]
[BlackElo "2357"]

1. e4 c6 2. d4 d5 3. exd5 cxd5 4. Bd3 Nc6 5. c3 Nf6 6. Bf4 Bg4 7. Qb3 Qd7 8. Nd2
e6 9. Ngf3 Bd6 10. Bxd6 Qxd6 11. O-O O-O 12. Rae1 Nd7 13. Re3 Bh5 14. Rfe1 Qc7
15. Qc2 Bg6 16. Bxg6 hxg6 17. Qd3 Rad8 18. Ng5 Qf4 19. Ndf3 Nf6 20. g3 Qf5 21.
h3 Qxd3 22. Rxd3 b5 23. Ne5 Nxe5 24. dxe5 Nd7 25. Rd4 Nc5 26. h4 Rfe8 27. Kg2
f6 28. Nf3 Ne4 29. Re2 Rb8 30. exf6 gxf6 31. Nd2 Nd6 32. f4 Nf5 33. Rd3 Kf7 34.
Nb3 Nd6 35. Nc5 Rbc8 36. b4 Rc6 37. Kf3 a5 38. a3 a4 39. Re1 Nc4 40. Ra1 Rd6 41.
Nb7 Rb6 42. Nc5 Rd8 43. Kf2 Ke7 44. Ke2 e5 45. fxe5 fxe5 46. Rf3 e4 47. Rf4 Rf6
48. Rxf6 Kxf6 49. g4 Ke5 50. Rf1 Rh8 51. h5 gxh5 52. Rf5+ Kd6 53. gxh5 Rh7 54.
Rg5 Nxa3 55. Rg6+ Ke7 56. h6 Nc4 57. Ra6 Rh8 58. Re6+ Kf7 59. Ra6 a3 60. Kd1 a2
0-1

[Event "Mistrzostwa Polski Juniorow do lat 18 - Chlopcy"]
[Site "Szklarska Poreba"]
[Date "1899-12-30"]
[Round "1.5"]
[White "Mis, Mieszko"]
[Black "Posluszny, Tomasz"]
[Result "1-0"]
[WhiteTitle "FM"]
[BlackTitle "I++"]
[WhiteElo "2356"]
[BlackElo "2023"]

1. Nf3 Nf6 2. c4 e6 3. g3 d5 4. Bg2 a6 5. b3 b5 6. O-O Bb7 7. cxd5 Bxd5 8. a4 b4
9. d3 Nbd7 10. Bb2 a5 11. Nbd2 Be7 12. Qc2 c5 13. Rfd1 O-O 14. Rac1 Qb8 15. e4
Bb7 16. Nc4 Rd8 17. Qe2 h6 18. Nfe5 Ra6 19. f4 Ne8 20. Qh5 Nxe5 21. Nxe5 Nd6 22.
Rxc5 Rc8 23. Rxc8+ Qxc8 24. Rc1 Qd8 25. Ng4 Qb6+ 26. Kh1 Kh7 27. Qe5 Bf8 28. Nf6+
Kh8 29. Nd7 Qd8 30. Nxf8 Qxf8 31. Rc7 Bc8 32. Bd4 f6 33. Qc5 1-0

[Event "Mistrzostwa Polski Juniorow do lat 18 - Chlopcy"]
[Site "Szklarska Poreba"]
[Date "1899-12-30"]
[Round "1.6"]
[White "Zerebiec, Maurycy"]
[Black "Godzwon, Iwo"]
[Result "1/2-1/2"]
[WhiteTitle "I+"]
[BlackTitle "FM"]
[WhiteElo "1982"]
[BlackElo "2352"]

1. Nf3 c5 2. c4 Nc6 3. Nc3 e6 4. e3 Nf6 5. d4 d5 6. cxd5 exd5 7. a3 Bg4 8. Be2
Be7 9. O-O O-O 10. dxc5 Bxc5 11. b4 Bd6 12. Bb2 a6 13. Nd4 Bc8 14. Nxc6 bxc6 15.
Rc1 Bc7 16. Bf3 Qd6 17. g3 Bf5 18. Ne2 Rfc8 19. Nd4 Bd7 20. Nb3 a5 21. Bd4 axb4
22. Bc5 Qe5 23. Bxb4 Bd6 24. Nc5 Bf5 25. Qd4 Nd7 26. Kg2 Nxc5 27. Bxc5 Qe6 28.
Rfd1 Be5 29. Qd2 Rcb8 30. Bb4 g6 31. Rc5 Rc8 32. Rdc1 h5 33. h4 Qf6 34. Bc3 Bxc3
35. Qxc3 Bh3+ 36. Kxh3 Qxf3 37. Rxc6 Rxc6 38. Qxc6 Rxa3 39. Qc2 Kh7 40. Re1 Ra7
41. Qe2 Qe4 42. Kh2 Rc7 43. Rd1 Rc2 44. Rd2 d4 45. Rxd4 Rxe2 46. Rxe4 Rxf2+ 47.
Kg1 Ra2 48. Rb4 Kg7 49. Rb6 Re2 50. Rb3 Kf6 51. Kf1 Rd2 52. Rb5 Ke6 53. Ra5 Rd5
54. Ra7 Rd2 55. Ra5 f6 56. Rb5 Rd5 57. Rb8 Kf5 58. Kg2 Ke4 59. Re8+ Kd3 60. Re6
1/2-1/2

[Event "Mistrzostwa Polski Juniorow do lat 18 - Chlopcy"]
[Site "Szklarska Poreba"]
[Date "1899-12-30"]
[Round "1.7"]
[White "Psyk, Radoslaw"]
[Black "Distel, Pawel"]
[Result "1-0"]
[WhiteTitle "k++"]
[BlackTitle "I"]
[WhiteElo "2343"]
[BlackElo "1950"]

1. e4 e6 2. b3 d5 3. Bb2 Nf6 4. e5 Nfd7 5. f4 c5 6. Qg4 g6 7. Nf3 a6 8. Be2 Nc6
9. O-O b5 10. Nc3 Nb6 11. Nd1 c4 12. d4 b4 13. c3 Na5 14. cxb4 Bxb4 15. Bc3 h5
16. Qh3 Qe7 17. Rb1 cxb3 18. axb3 Bd7 19. Ng5 Rc8 20. Ba1 Bd2 21. Ne3 Qb4 22.
Ng4 Bc3 23. Nf6+ Kf8 24. Rfd1 Bxa1 25. Rxa1 Rc3 26. Qh4 Kg7 27. f5 exf5 28. Nxd7
Nxd7 29. e6 fxe6 30. Nxe6+ Kf7 31. Nd8+ Ke8 32. Bf3 Qe7 33. Re1 Re3 34. Qf2 f4
35. Rxe3 fxe3 36. Qe1 Nxb3 37. Nc6 e2 38. Nxe7 1-0

[Event "Mistrzostwa Polski Juniorow do lat 18 - Chlopcy"]
[Site "Szklarska Poreba"]
[Date "1899-12-30"]
[Round "1.8"]
[White "Dzwierzynski, Bartosz"]
[Black "Pacan-milej, Kosma"]
[Result "0-1"]
[WhiteTitle "I"]
[BlackTitle "FM"]
[WhiteElo "1944"]
[BlackElo "2333"]

1. d4 f5 2. Nc3 Nf6 3. Bg5 d5 4. Nf3 e6 5. e3 a6 6. Be2 c5 7. O-O Nc6 8. dxc5 Bxc5
9. Na4 Be7 10. c4 dxc4 11. Bxf6 Bxf6 12. Nd2 b5 13. Bf3 Bd7 14. Nc5 Rc8 15. Nxc4
bxc4 16. Nb7 Qc7 17. Nd6+ Ke7 18. Nxc8+ Rxc8 19. Qc2 Nb4 20. Qe2 c3 21. bxc3 Bb5
0-1

[Event "Mistrzostwa Polski Juniorow do lat 18 - Chlopcy"]
[Site "Szklarska Poreba"]
[Date "1899-12-30"]
[Round "1.9"]
[White "Kokoszczynski, Jan"]
[Black "Kulesza, Andrzej"]
[Result "1-0"]
[WhiteTitle "FM"]
[BlackTitle "I+"]
[WhiteElo "2314"]
[BlackElo "1928"]

1. c4 Nf6 2. Nc3 e6 3. e4 d5 4. e5 Nfd7 5. d4 dxc4 6. Bxc4 c5 7. Nf3 cxd4 8. Qxd4
Nc6 9. Qf4 Be7 10. Qg3 g6 11. Bh6 Qa5 12. Bb5 Ba3 13. Bd2 Bb4 14. Bxc6 bxc6 15.
O-O O-O 16. Rad1 Qc7 17. Qh4 a5 18. a3 Bxc3 19. Bxc3 Re8 20. Qh6 f5 21. exf6 Rf8
22. Qg7# 1-0

[Event "Mistrzostwa Polski Juniorow do lat 18 - Chlopcy"]
[Site "Szklarska Poreba"]
[Date "1899-12-30"]
[Round "1.10"]
[White "Bujalski, Mateusz"]
[Black "Szpar, Milosz"]
[Result "0-1"]
[WhiteTitle "I"]
[BlackTitle "FM"]
[WhiteElo "1920"]
[BlackElo "2305"]

1. e4 c5 2. Nc3 Nc6 3. f4 g6 4. Nf3 Bg7 5. Bc4 e6 6. O-O Nge7 7. d3 O-O 8. Bb3
d5 9. Qe1 Nd4 10. Ne2 Nxf3+ 11. Rxf3 c4 12. dxc4 dxe4 13. Re3 Nf5 14. Rxe4 Nd6
15. Re3 Qc7 16. c3 Nxc4 17. Bxc4 Qxc4 18. b3 Qc7 19. Ba3 Rd8 20. Rd1 b6 21. Red3
Bb7 22. Qf2 Rxd3 23. Rxd3 h5 24. Bd6 Qc6 25. Be5 f6 26. Bd4 Rd8 27. Rd2 e5 28.
Be3 Rxd2 29. Bxd2 Qd5 30. Be3 Qd1+ 31. Qf1 Qc2 32. fxe5 fxe5 33. h3 Qxa2 34. Qd1
Kh7 35. Kf2 Be4 36. g4 Bc2 37. Qd7 hxg4 38. Qxg4 0-1

[Event "Mistrzostwa Polski Juniorow do lat 18 - Chlopcy"]
[Site "Szklarska Poreba"]
[Date "1899-12-30"]
[Round "1.11"]
[White "Nowak, Mikolaj"]
[Black "Pytel, Maciej"]
[Result "0-1"]
[WhiteTitle "k"]
[BlackTitle "k"]
[WhiteElo "2296"]
[BlackElo "1919"]

1. d4 Nf6 2. Nf3 e6 3. g3 b6 4. Bg2 Bb7 5. O-O c5 6. c3 Be7 7. Re1 Ne4 8. Nfd2
d5 9. Nxe4 dxe4 10. dxc5 Qxd1 11. Rxd1 Bxc5 12. b4 Be7 13. Nd2 f5 14. Bb2 Nd7
15. a3 Bf6 16. Rac1 Ba6 17. Bf1 Rc8 18. Ba1 Ke7 19. a4 Rhd8 20. f4 e5 21. e3 Bxf1
22. Kxf1 exf4 23. gxf4 g5 24. Ke2 gxf4 25. exf4 Nf8 26. Nf1 Ng6 27. Ke3 Rxd1 28.
Rxd1 Bxc3 29. Ng3 Ke6 30. Ne2 Bxa1 31. Rxa1 Ne7 32. Nd4+ Kf6 33. a5 Nd5+ 34. Kf2
Nxb4 35. axb6 axb6 36. Ra7 Rd8 37. Ne2 h6 38. h4 Rd3 39. h5 Rf3+ 40. Kg1 Nd3 41.
Rb7 Nxf4 42. Rxb6+ Kg5 43. Nd4 Rd3 44. Nc6 Rd6 45. Ra6 e3 46. Kh2 e2 47. Ra1 Rd1
48. Ne5 Rxa1 49. Nf3+ Kf6 0-1

[Event "Mistrzostwa Polski Juniorow do lat 18 - Chlopcy"]
[Site "Szklarska Poreba"]
[Date "1899-12-30"]
[Round "1.12"]
[White "Chaczynski, Kamil"]
[Black "Galuszka, Tomasz"]
[Result "1/2-1/2"]
[WhiteTitle "I+"]
[BlackTitle "k+"]
[WhiteElo "1894"]
[BlackElo "2221"]

1. e4 c6 2. d4 d5 3. Nc3 dxe4 4. Nxe4 Bf5 5. Ng3 Bg6 6. Nh3 e6 7. Nf4 Bd6 8. Bc4
Nf6 9. c3 Qc7 10. Qf3 O-O 11. Nxg6 hxg6 12. Bg5 Nbd7 13. O-O c5 14. Bb3 Bxg3 15.
hxg3 c4 16. Bc2 Qa5 17. Bf4 Qd5 18. Qe2 b5 19. g4 g5 20. Bg3 g6 21. Rad1 Rad8
22. Bc7 Rc8 23. Be5 Qb7 24. Qe3 Nxe5 25. dxe5 Nh7 26. Rd6 Rfd8 27. Rfd1 Rxd6 28.
Rxd6 b4 29. Be4 Qb5 30. Qd4 Nf8 31. cxb4 Qxb4 32. Ra6 Rc7 33. g3 Qe1+ 34. Kg2
Rd7 35. Rd6 Rc7 36. Rd8 Rd7 37. Rxd7 Nxd7 38. f4 Qe2+ 39. Kh3 Nf8 40. Bg2 Nh7
41. b3 gxf4 42. gxf4 g5 43. bxc4 Qe1 44. Kh2 Qh4+ 45. Bh3 gxf4 46. Qxf4 Ng5 47.
Qe3 Qh6 48. c5 Qh4 49. Kg2 Nxh3 50. Qxh3 Qg5 51. Qc3 Kf8 52. Qd4 Qc1 53. Kg3 Ke8
54. Qd6 Qe3+ 1/2-1/2

[Event "Mistrzostwa Polski Juniorow do lat 18 - Chlopcy"]
[Site "Szklarska Poreba"]
[Date "1899-12-30"]
[Round "1.13"]
[White "Golecki, Jan"]
[Black "Majocha, Piotr"]
[Result "1/2-1/2"]
[WhiteTitle "k"]
[BlackTitle "I++"]
[WhiteElo "2172"]
[BlackElo "1890"]

1. e4 e6 2. d4 d5 3. Nd2 dxe4 4. Nxe4 Nd7 5. Bd3 Ngf6 6. Qe2 Be7 7. Nf3 O-O 8.
Bg5 c5 9. dxc5 Nxc5 10. Nxc5 Qa5+ 11. c3 Qxc5 12. O-O-O Qc7 13. Bc2 h6 14. h4
Rd8 15. Bxf6 Qf4+ 16. Kb1 Rxd1+ 17. Rxd1 Qxf6 18. g4 g6 19. Qe4 Qg7 20. h5 g5
21. Nd4 Bf6 22. Nb5 Rb8 23. Nxa7 b6 24. Nxc8 Rxc8 25. Rd7 Rd8 26. Qc6 Rxd7 27.
Qxd7 Qf8 28. Qc7 Qd8 29. Qxd8+ Bxd8 30. Be4 Kg7 31. Kc2 Kf6 32. Kd3 Ke5 33. Ke3
f5 34. Bf3 Be7 35. b4 Bd6 36. a4 Bc7 37. Bd1 Bd6 38. f3 Be7 39. Bb3 Bf6 40. a5
bxa5 41. bxa5 fxg4 42. fxg4 Bd8 43. a6 Bb6+ 44. Kd3 Ba7 45. Kc4 Kd6 46. Kb5 Bf2
47. Bc2 Ba7 48. Bh7 Bf2 49. Bg8 Ba7 50. c4 Bf2 51. Bxe6 Ba7 52. Bf5 Bc5 53. a7
Bxa7 54. Ka6 Bd4 55. Kb7 Bc5 56. Kc8 Bb6 57. Bb1 Ba5 58. c5+ Kxc5 59. Kd7 Bd2
60. Ke6 Kc6 61. Ba2 Kc7 62. Ke7 Bc1 63. Kf7 Kd8 64. Be6 Bd2 65. Bf5 Bc1 66. Kf8
Bd2 67. Bb1 Bc1 68. Ba2 Bd2 69. Kg7 Ke7 70. Kxh6 Kf8 71. Kg6 Bc1 72. h6 Bd2 73.
Kf6 Bc1 74. Ke5 Bb2+ 75. Ke6 Bc3 76. Kf5 Bd2 77. Kg6 Bc1 78. h7 Bb2 79. Kxg5 Ba1
80. Kg6 Bb2 81. g5 Ba1 82. Kh6 Bb2 83. g6 Bc3 84. Bf7 Bb2 85. Kg5 Bc3 86. Kf5
Bb2 87. Ke6 Kg7 88. Ke7 Bf6+ 89. Ke8 Bc3 90. Bg8 Bb2 91. h8=N Kxh8 92. Kf7 1/2-1/2

[Event "Mistrzostwa Polski Juniorow do lat 18 - Chlopcy"]
[Site "Szklarska Poreba"]
[Date "1899-12-30"]
[Round "1.14"]
[White "Iwanczuk, Krzysztof"]
[Black "Polczyk, Mikolaj"]
[Result "0-1"]
[WhiteTitle "I"]
[BlackTitle "k"]
[WhiteElo "1887"]
[BlackElo "2132"]

1. d4 Nf6 2. Bf4 d5 3. e3 c5 4. Nc3 e6 5. Nb5 Na6 6. c3 Be7 7. dxc5 Bxc5 8. Nf3
O-O 9. Bd3 Bd7 10. a4 Be7 11. Nbd4 Nc5 12. Bc2 Nfe4 13. Nd2 f5 14. O-O Nxd2 15.
Qxd2 Rc8 16. f3 Bf6 17. Bd6 Re8 18. Bxc5 Rxc5 19. Nb3 Rc8 20. e4 fxe4 21. fxe4
Bc6 22. exd5 Qxd5 23. Qxd5 Bxd5 24. Rfd1 Bg5 25. Nd4 Be3+ 26. Kh1 Rcd8 27. Rd3
Bh6 28. Re1 Bg5 29. Re5 Bf6 30. Re1 a6 31. h3 Bc4 32. Rdd1 e5 33. Bb3 Rxd4 34.
Rxd4 Bxb3 35. Rd7 e4 36. Rxb7 Bc2 37. Rd7 e3 38. Re2 Bxa4 39. Rd3 Bg5 40. c4 Rb8
41. h4 Bh6 42. Kh2 Bb3 43. Rd4 Rc8 44. g4 Rxc4 45. Rd8+ Kf7 46. g5 Rxh4+ 47. Kg3
Bxg5 48. Rd7+ Kg6 49. Rxe3 Bxe3 50. Kxh4 Be6 0-1

[Event "Mistrzostwa Polski Juniorow do lat 18 - Chlopcy"]
[Site "Szklarska Poreba"]
[Date "1899-12-30"]
[Round "1.15"]
[White "Golenia, Jan"]
[Black "Ossolinski, Ziemowit"]
[Result "1-0"]
[WhiteTitle "I++"]
[BlackTitle "I+"]
[WhiteElo "2119"]
[BlackElo "1880"]

1. c4 e5 2. Nc3 Nc6 3. g3 Bc5 4. Bg2 Nf6 5. a3 a6 6. e3 d6 7. Nge2 O-O 8. O-O Ba7
9. d3 Ne7 10. b4 c6 11. Bb2 Be6 12. h3 Ng6 13. Kh2 Qd7 14. Qd2 Ne8 15. f4 f5 16.
Rac1 Rd8 17. Nd1 Nf6 18. Nf2 Rfe8 19. Ng1 Bf7 20. Rfe1 Re7 21. Nf3 Rde8 22. d4
exf4 23. exf4 Rxe1 24. Nxe1 Ne4 25. Nxe4 fxe4 26. d5 Nf8 27. Nc2 Bg6 28. Ne3 Qf7
29. Re1 c5 30. f5 Bxf5 31. Rf1 cxb4 32. Nxf5 e3 33. Qe2 1-0

[Event "Mistrzostwa Polski Juniorow do lat 18 - Chlopcy"]
[Site "Szklarska Poreba"]
[Date "1899-12-30"]
[Round "1.16"]
[White "Rogala, Milosz"]
[Black "Pniaczek, Marek"]
[Result "1-0"]
[WhiteTitle "I"]
[BlackTitle "CM"]
[WhiteElo "1843"]
[BlackElo "2109"]

1. e4 e5 2. Nf3 Nc6 3. d4 exd4 4. Bc4 Bc5 5. c3 Nf6 6. e5 d5 7. Bb5 Ne4 8. cxd4
Bb6 9. O-O O-O 10. h3 f6 11. Bxc6 bxc6 12. Nc3 Ba6 13. Re1 fxe5 14. Nxe4 dxe4
15. Rxe4 exd4 16. Bg5 Qd5 17. Re5 Qf7 18. Re7 Qf5 19. Re5 Qf7 20. Re7 Qg6 21.
Qb3+ Kh8 22. Rae1 h6 23. Ne5 Qxg5 24. Nf7+ Rxf7 25. Qxf7 Bd3 26. Re8+ Rxe8 27.
Rxe8+ Kh7 28. Qg8+ Kg6 29. Re6+ Qf6 30. Qe8+ Kf5 31. Rxf6+ Kxf6 32. Qxc6+ Ke7
33. Qf3 Bh7 34. Qe2+ Kf6 35. Qd2 c5 36. Kf1 c4 37. Ke1 Bg8 38. Qf4+ Ke7 39. Qe5+
Kf8 40. a4 d3 41. Kd2 Bf7 42. f4 Bf2 43. g4 Bb6 44. h4 Bf2 45. g5 hxg5 46. hxg5
g6 47. f5 gxf5 48. Qxf5 1-0

[Event "Mistrzostwa Polski Juniorow do lat 18 - Chlopcy"]
[Site "Szklarska Poreba"]
[Date "1899-12-30"]
[Round "1.17"]
[White "Piekielny, Pawel"]
[Black "Kozlowski, Pawel"]
[Result "1-0"]
[WhiteTitle "k"]
[BlackTitle "I"]
[WhiteElo "2104"]
[BlackElo "1836"]

1. e4 g6 2. d4 Bg7 3. Nc3 d6 4. Bg5 h6 5. Be3 a6 6. f4 Nd7 7. Nf3 e6 8. Bd3 Ne7
9. O-O O-O 10. Qd2 Kh7 11. a4 b6 12. f5 e5 13. dxe5 dxe5 14. Rad1 Nc6 15. Bc4
gxf5 16. exf5 Nd4 17. Nxd4 exd4 18. Bxd4 Ne5 19. Bd5 Rb8 20. f6 Bxf6 21. Be4+
Ng6 22. Bxf6 1-0

[Event "Mistrzostwa Polski Juniorow do lat 18 - Chlopcy"]
[Site "Szklarska Poreba"]
[Date "1899-12-30"]
[Round "1.18"]
[White "Maciejewski, Kamil"]
[Black "Derylo, Kamil"]
[Result "1-0"]
[WhiteTitle "I++"]
[BlackTitle "I++"]
[WhiteElo "1791"]
[BlackElo "2083"]

1. Nf3 d5 2. g3 c6 3. Bg2 Bf5 4. O-O Nd7 5. c4 e6 6. cxd5 cxd5 7. d3 Bc5 8. Nc3
Ngf6 9. Qb3 Qb6 10. Na4 Qxb3 11. axb3 Bd6 12. Be3 O-O 13. Nd4 Bg4 14. h3 Bh5 15.
g4 Bg6 16. Nb5 Bb8 17. Rfc1 h6 18. Nc7 Bxc7 19. Rxc7 b5 20. Nc5 Nxc5 21. Bxc5
Rfc8 22. Raxa7 Rxc7 23. Rxa8+ Kh7 24. b4 Rb7 25. Bf1 Nd7 26. d4 Bc2 27. Ra3 Nb8
28. e3 Nc6 29. Ra6 Nb8 30. Ra7 Rxa7 31. Bxa7 Nc6 32. Bc5 Ba4 33. b3 Bxb3 34. Bxb5
Nxb4 35. Bxb4 Bc2 36. Kg2 Kg6 37. Kg3 h5 38. Be2 hxg4 39. hxg4 f5 40. Bd6 Kf7
41. Kf4 g6 42. gxf5 gxf5 1-0

[Event "Mistrzostwa Polski Juniorow do lat 18 - Chlopcy"]
[Site "Szklarska Poreba"]
[Date "1899-12-30"]
[Round "1.19"]
[White "Dixa, Oskar"]
[Black "Bojczewski, Mateusz"]
[Result "0-1"]
[WhiteTitle "k"]
[BlackTitle "I+"]
[WhiteElo "2052"]
[BlackElo "1788"]

1. e4 c6 2. d4 d5 3. Nc3 dxe4 4. Nxe4 Nd7 5. Bc4 Ngf6 6. Nxf6+ Nxf6 7. c3 Bf5 8.
Qb3 e6 9. Qxb7 Be4 10. f3 Bd5 11. Bxd5 cxd5 12. Ne2 Bd6 13. Qc6+ Ke7 14. Bf4 Rb8
15. Rb1 Bxf4 16. Nxf4 Qa5 17. Qc5+ Qxc5 18. dxc5 Rhc8 19. Kd2 Rxc5 20. Nd3 Rc7
21. Rhc1 Ne8 22. b4 Nd6 23. Nc5 Nc4+ 24. Kd3 Rc6 25. a4 a6 26. Nb3 Rbc8 27. Nd4
Ne5+ 28. Kd2 Nc4+ 29. Kd3 Ne5+ 30. Kd2 Nc4+ 31. Ke2 R6c7 32. Nb3 Rb8 33. a5 Rc6
34. Ra1 Nd6 35. Kd3 Rbc8 36. Nc5 Nb5 37. c4 dxc4+ 38. Rxc4 Rd8+ 39. Ke3 Nd6 40.
Rc2 Nf5+ 41. Kf2 Rb8 42. Rb1 Nd4 43. Rcc1 e5 44. Ke3 Rbc8 45. Ke4 f6 46. f4 Ne2
47. Rc2 Nxf4 48. Rd1 R8c7 49. Rcd2 Ne6 50. Rd7+ Ke8 51. Rxc7 Nxc5+ 52. bxc5 Rxc7
53. Rc1 Rd7 0-1

[Event "Mistrzostwa Polski Juniorow do lat 18 - Chlopcy"]
[Site "Szklarska Poreba"]
[Date "1899-12-30"]
[Round "1.20"]
[White "Skowron, Mateusz"]
[Black "Musial, Tomasz"]
[Result "1-0"]
[WhiteTitle "I"]
[BlackTitle "k"]
[WhiteElo "1729"]
[BlackElo "2051"]

1. e4 c6 2. Nf3 d5 3. exd5 cxd5 4. Ne5 Nf6 5. d4 g6 6. Bd3 Bg7 7. c3 O-O 8. O-O
Nbd7 9. f4 Ne4 10. Qe2 Ndf6 11. Nd2 Nxd2 12. Bxd2 Bf5 13. Bxf5 gxf5 14. Rf3 e6
15. Be1 Ne4 16. Rh3 f6 17. Nd3 Qe8 18. Kh1 Qg6 19. Bf2 Kf7 20. Re1 Rg8 21. Bg3
Bf8 22. Nf2 Rg7 23. Nxe4 fxe4 24. c4 f5 25. c5 Kg8 26. Rc1 Qe8 27. Rc3 Qa4 28.
Bf2 Qxa2 29. Rc1 Qa4 30. Ra3 Qe8 31. b4 a6 32. Rb3 Qb5 33. Qb2 Rc8 34. Ra3 Be7
35. Ra5 Qe8 36. Qe2 Bd8 37. Ra3 Bf6 38. Rb1 Ra8 39. Rba1 Rb8 40. Rb1 Qg6 41. Rg3
Qf7 42. Ra3 Qg6 43. Rg3 Qe8 44. Ra3 Rc7 45. b5 axb5 46. Rxb5 Ra8 47. Rba5 Rxa5
48. Rxa5 b6 49. Ra6 bxc5 50. dxc5 Qb8 51. h3 Qb1+ 52. Kh2 Qd3 53. Ra8+ Kg7 54.
Qh5 e3 55. Bh4 Qd4 56. Qe8 Kh6 57. Qxe6 Re7 58. Bg5+ Kg6 59. Rg8+ Rg7 60. Qe8#
1-0

[Event "Mistrzostwa Polski Juniorow do lat 18 - Chlopcy"]
[Site "Szklarska Poreba"]
[Date "1899-12-30"]
[Round "2.1"]
[White "Polczyk, Mikolaj"]
[Black "Teclaf, Pawel"]
[Result "0-1"]
[WhiteTitle "k"]
[BlackTitle "IM"]
[WhiteElo "2132"]
[BlackElo "2453"]

1. d4 Nf6 2. c4 e6 3. Nf3 b6 4. g3 Bb7 5. Bg2 c5 6. d5 exd5 7. Nh4 g6 8. cxd5 Bg7
9. Nc3 O-O 10. O-O d6 11. Nf3 Na6 12. a4 Nb4 13. Ne1 Re8 14. Nc2 Nxc2 15. Qxc2
a6 16. Qb3 Rb8 17. Re1 Bc8 18. Bf4 b5 19. axb5 axb5 20. h3 Nh5 21. Bc1 c4 22.
Qb4 Bd4 23. Ne4 Rxe4 24. Bxe4 Nxg3 25. Bg2 Bxh3 26. Bxh3 Ne4 27. e3 Bc5 28. Qa5
Qh4 29. Bg2 Qxf2+ 30. Kh2 c3 31. Rf1 Qh4+ 32. Kg1 cxb2 33. Bxe4 Qg3+ 34. Kh1 bxc1=Q
35. Raxc1 Qh3+ 36. Kg1 Bxe3+ 0-1

[Event "Mistrzostwa Polski Juniorow do lat 18 - Chlopcy"]
[Site "Szklarska Poreba"]
[Date "1899-12-30"]
[Round "2.2"]
[White "Fus, Jakub"]
[Black "Golenia, Jan"]
[Result "1-0"]
[WhiteTitle "FM"]
[BlackTitle "I++"]
[WhiteElo "2357"]
[BlackElo "2119"]

1. d4 d5 2. Nf3 Nf6 3. c4 e6 4. Nc3 Be7 5. Bf4 c6 6. e3 Nbd7 7. h3 O-O 8. Qc2 Re8
9. O-O-O dxc4 10. Bxc4 b5 11. Bd3 Bb7 12. Ng5 Nf8 13. Kb1 Ng6 14. h4 b4 15. Na4
Qa5 16. Nc5 Bxc5 17. dxc5 e5 18. Bg3 Ba6 19. h5 Bxd3 20. Rxd3 Nf8 21. h6 Ne6 22.
Nxe6 Rxe6 23. hxg7 e4 24. Rd6 Rae8 25. Rhd1 Nd5 26. Qc4 b3 27. Qxb3 Qxc5 28. Rxe6
Rxe6 29. Qb8+ Kxg7 30. Be5+ f6 31. Bd4 Qe7 32. Rc1 Qc7 33. Qxc7+ Nxc7 34. Bxa7
Nd5 35. Rc4 f5 36. Bd4+ Kf7 37. a4 Rh6 38. a5 Ke7 39. a6 Kd7 40. a7 Nc7 41. Be5
Na8 42. Rb4 Re6 43. Rb7+ 1-0

[Event "Mistrzostwa Polski Juniorow do lat 18 - Chlopcy"]
[Site "Szklarska Poreba"]
[Date "1899-12-30"]
[Round "2.3"]
[White "Piekielny, Pawel"]
[Black "Mis, Mieszko"]
[Result "0-1"]
[WhiteTitle "k"]
[BlackTitle "FM"]
[WhiteElo "2104"]
[BlackElo "2356"]

1. e4 c6 2. d4 d5 3. Nc3 dxe4 4. Nxe4 Nd7 5. Ng5 Ngf6 6. Bd3 e6 7. N1f3 Bd6 8.
Qe2 h6 9. Ne4 Nxe4 10. Qxe4 Nf6 11. Qe2 b6 12. Bd2 Bb7 13. O-O-O Qc7 14. Ne5 c5
15. Bb5+ Ke7 16. dxc5 Qxc5 17. a3 Qc7 18. f4 Rhd8 19. Bd3 Rac8 20. Kb1 Kf8 21.
Rhf1 Kg8 22. g4 Bxe5 23. fxe5 Nd7 24. Bc3 Nc5 25. h4 Nxd3 26. Rxd3 Rxd3 27. Qxd3
Qc4 28. Rg1 Bd5 29. Qd4 Qa2+ 30. Kc1 Rc4 31. Qf2 Rf4 32. Qxf4 Qa1+ 33. Kd2 Qxg1
34. Bd4 Qg2+ 35. Bf2 Bf3 36. Ke3 Bxg4 37. c4 Bf5 38. Qd4 Qf1 39. Kd2 Qb1 40. Qc3
Bg4 41. Qd4 Qd1+ 42. Kc3 Qc1+ 43. Kb4 Be2 44. b3 Qc2 45. Qe3 Bd3 46. Qd4 a5+ 47.
Ka4 Bxc4 48. Qxb6 Bxb3+ 49. Qxb3 Qxf2 50. Qc4 g5 51. hxg5 hxg5 52. Kxa5 Qf3 53.
Kb5 Qxa3 54. Kc6 Qf3+ 55. Kc7 Kg7 56. Kc8 Qa8+ 57. Kc7 Qa5+ 0-1

[Event "Mistrzostwa Polski Juniorow do lat 18 - Chlopcy"]
[Site "Szklarska Poreba"]
[Date "1899-12-30"]
[Round "2.4"]
[White "Pytel, Maciej"]
[Black "Psyk, Radoslaw"]
[Result "0-1"]
[WhiteTitle "k"]
[BlackTitle "k++"]
[WhiteElo "1919"]
[BlackElo "2343"]

1. f4 d5 2. Nf3 Nf6 3. g3 e6 4. Bg2 Bd6 5. b3 Nbd7 6. Bb2 c6 7. Ne5 Bxe5 8. fxe5
Ng4 9. e4 Ngxe5 10. Qe2 O-O 11. O-O f6 12. d4 Nf7 13. Nd2 Re8 14. Rae1 Nf8 15.
c4 dxc4 16. Nxc4 b5 17. Ne3 e5 18. d5 Qb6 19. dxc6 Be6 20. Rc1 Rac8 21. Qf2 Rxc6
22. Nd5 Bxd5 23. exd5 Rxc1 24. Rxc1 Qa6 25. a3 Rc8 26. Rc6 Rxc6 27. dxc6 Ne6 28.
Qd2 Qb6+ 29. Kf1 Qc7 30. Bc3 Qd6 31. Qe2 Qc5 32. Bb4 Qc1+ 33. Qe1 Qc2 34. Qd2
Qxd2 35. Bxd2 Kf8 36. Bb4+ Ke8 37. Bd5 Nc7 38. Be4 g6 39. Bd3 Nd8 40. Bd6 Nde6
41. h4 Kd8 42. a4 a6 43. h5 gxh5 44. Bxh7 Nd4 45. axb5 Ncxb5 46. Bc5 Nxc6 47.
Bg6 Nbd4 48. Bf7 Kd7 49. Kg2 Ne6 50. Bb6 Ncd4 51. b4 Nc6 52. Bxh5 Nxb4 53. Bd1
Kc6 54. Be3 Nd4 55. g4 Nd5 56. Bc1 Nc3 57. Bf3+ e4 0-1